000 01266nam a2200253Ia 4500
003 OSt
005 20220930094909.0
006 a|||||r|||| 00| 0
007 ta
008 220926b |||||||| |||| 00| 0 hin d
024 _a32581
037 _cTheses
040 _aCRL
_cCRL
_bhin
041 _2hin
_ahin
100 _aमुरारी, कुष्ण, ले.
110 _aदिल्ली विश्वविद्यालय. कला संकाय. राजनीति विज्ञान
_9556646
245 0 _aभारतीय राज्यों में दलीय पद्धति
_b तीन प्रतिमानों - मध्य प्रदेश, केरल एवं गुजरात - का एक तुलनात्मक अध्ययन
246 _aBhāratīya rājyoan mean dalīya paddhati: tīn pratimānoan - madhya pradesha, keral evan gujarāt - kā ek tulanātmak adhyayana
260 _c2015
300 _a208पृ.
_ap.
_ccm.
700 _aदिल्ली विश्वविद्यालय. कला संकाय. राजनीति विज्ञान
_9556647
942 _cDIS
_2CC
999 _c887893
_d887893